Quick Pick: Back and Front Match Quiz Stats

 Plays Quiz not verified by Sporcle

Score 0/10 Timer 01:00
0 Plays Today
% Correct
Calf
82.5%
Goalkeeper
81.4%
Rearguard
80.7%
Stern
78.6%
Sports Section
77.5%
Tail
71.1%
Pharynx
66.8%
Blurb
65.7%
Lanterne Rouge
64.3%
Spoiler
55%

You're not logged in!

Compare scores with friends on all Sporcle quizzes.
OR
Log In

Show Comments

Extras

Top Quizzes Today


Score Distribution

Your Account Isn't Verified!

In order to create a playlist on Sporcle, you need to verify the email address you used during registration. Go to your Sporcle Settings to finish the process.

Report this User

Report this user for behavior that violates our Community Guidelines.

Details: